Bermuda Quiz - Statistics

General Stats
  • This quiz has been taken 554 times
    550 since last reset
  • The average score is 11 of 18
Answer Stats
Clue Answer % Correct
Of which country is Bermuda a territory? United Kingdom
98%
In which ocean is Bermuda located? Atlantic Ocean
95%
What currency does Bermuda use? Bermudian dollar
92%
Which U.S. state is the closest to Bermuda? North Carolina
78%
What is Bermuda's second-largest industry? Tourism
76%
Which Canadian province is the closest? Nova Scotia
67%
What industry forms the largest sector of Bermuda's economy? (Hint: tax haven) Banking/finance/insurance
64%
What is the percentage of inland water bodies containing freshwater? 0%
63%
Bermuda is divided into nine _______ (hint: starts with P) Parishes
63%
What is the capital of Bermuda? Hamilton
61%
What colour is Bermuda's famed sand beaches? Pink
61%
What type of garment is commonly associated with Bermuda? Bermuda shorts
56%
What natural barrier gives Bermuda some protection from hurricanes? Coral reefs
50%
What Protestant denomination is the most common religion? Anglican
48%
What sport is the 635-nautical-mile Newport Bermuda Race, held annually from Newport, Rhode Island to Bermuda? Yachting
48%
What rum company is headquartered in Bermuda, moving from Cuba in 1965? Bacardi Limited
42%
What Spanish sailor discovered Bermuda in the early 1500s, after whom the territory is named? Juan de Bermúdez
26%
What are the only indigenous mammals of Bermuda (also found in the eastern U.S.)? Five species of {bat}s
24%
No matching quizzes found
Score Distribution
Percent of People with Each Score
Percentile by Number Answered
Your Score History
You have not taken this quiz since the last reset